Chủ nghĩa Mác-Lênin và thời đại chúng ta Tài liệu tham khảo phục vụ lãnh đạo nghiên cứu giảng dạy

Kaydedildi:
Detaylı Bibliyografya
Müşterek Yazar: Học viện chính trị quốc gia Hồ Chí Minh Trung tâm thông tin dữ liệu
Materyal Türü: Kitap
Baskı/Yayın Bilgisi: Hà Nội Trung tâm thông tin dữ liệu.Học viện chính trị quốc gia Hồ Chí Minh 1988
Konular:
Etiketler: Etiketle
Etiket eklenmemiş, İlk siz ekleyin!
Thư viện lưu trữ: Trung tâm Học liệu Lê Vũ Hùng, Trường Đại học Đồng Tháp
LEADER 01090pam a22003258a 4500
001 00032197
008 140522s1988 ||||||Viesd
005 20171026081025.0
041 0 # |a Vie 
082 1 4 |a 335.4  |b CH500NGH 
110 1 # |a Học viện chính trị quốc gia Hồ Chí Minh  |b Trung tâm thông tin dữ liệu 
245 0 0 |a Chủ nghĩa Mác-Lênin và thời đại chúng ta  |b Tài liệu tham khảo phục vụ lãnh đạo nghiên cứu giảng dạy 
260 # # |a Hà Nội  |b Trung tâm thông tin dữ liệu.Học viện chính trị quốc gia Hồ Chí Minh  |c 1988 
300 # # |a 46 tr.  |c 19 cm. 
653 # # |a Chũ nghĩa Mác-Lênin 
653 # # |a Chủ nghĩa xã hội 
653 # # |a Thời đại 
653 # # |a Việt Nam 
852 # # |b Kho đọc  |j KD.0015887 
852 # # |j KD.0015887 
910 0 # |d 22/5/2014 
980 # # |a Trung tâm Học liệu Lê Vũ Hùng, Trường Đại học Đồng Tháp